Intenzita zahraničného obchodu medzi Slovenskom a Ruskom v súčasnom období
Analýza vývoja zahranično-obchodných vzťahov medzi Slovenskom a Ruskom. Stanovenie ďalších možností prehlbovania obchodných vzťahov na základe indexu intenzity obchodu.
Salvato in:
| Autore principale: | |
|---|---|
| Natura: | Capitolo di libro |
| Lingua: | slovacco |
| Soggetti: | |
| Tags: |
Nessun Tag, puoi essere il primo ad aggiungerne!!
|
MARC
| LEADER | 00000naa a2200000 4500 | ||
|---|---|---|---|
| 001 | 0234704 | ||
| 005 | 20240502073814.7 | ||
| 041 | 0 | |a slo | |
| 044 | |a SK | ||
| 245 | 1 | 0 | |a Intenzita zahraničného obchodu medzi Slovenskom a Ruskom v súčasnom období |c Elena Kašťáková |
| 520 | |a Analýza vývoja zahranično-obchodných vzťahov medzi Slovenskom a Ruskom. Stanovenie ďalších možností prehlbovania obchodných vzťahov na základe indexu intenzity obchodu. | ||
| 610 | 2 | 0 | |a Slovensko |
| 610 | 2 | 0 | |a Rusko |
| 610 | 2 | 0 | |a obchod zahraničný |
| 610 | 2 | 0 | |a vzťahy zahraničné |
| 610 | 2 | 0 | |a vzťahy obchodné |
| 100 | 1 | |a Kašťáková, Elena, 1974- | |